2024 COPA AMERICA COUNTRIES - Statistics

General Stats
  • This quiz has been taken 331 times
  • The average score is 15 of 16
Answer Stats
Hint Answer % Correct
CONMEBOL Argentina
99%
CONMEBOL Brazil
97%
CONMEBOL Colombia
97%
CONCACAF United States
96%
CONMEBOL Uruguay
96%
CONMEBOL Chile
95%
CONCACAF Mexico
95%
CONCACAF Canada
94%
CONMEBOL Venezuela
91%
CONMEBOL Ecuador
90%
CONMEBOL Peru
90%
CONMEBOL Paraguay
88%
CONCACAF Panama
87%
CONMEBOL Bolivia
86%
CONCACAF Costa Rica
84%
CONCACAF Jamaica
81%
No matching quizzes found
Score Distribution
Percent of People with Each Score
Percentile by Number Answered
Your Score History
You have not taken this quiz